000 00273 a2200097 4500
001 54987
100 _aLinz, Peter
245 _aIntroduction to formal languages and automata, 4th Ed
260 _aLondon
_bJones & Barlett Pub, London
_c2006
090 _c34082
_d34082
942 _aNUST-CAE
_cMONOGRAPH
_c26761
999 _c290060
_d290060